Kai aus der Kiste : eine ganz unglaubliche Geschichte
Αποθηκεύτηκε σε:
| Κύριος συγγραφέας: | |
|---|---|
| Μορφή: | Βιβλίο |
| Γλώσσα: | German |
| Δημοσίευση: |
Muenhen :
Klett,
1974
|
| Σειρά: | Lesen leicht gemacht
|
| Θέματα: | |
| Ετικέτες: |
Προσθήκη ετικέτας
Δεν υπάρχουν, Καταχωρήστε ετικέτα πρώτοι!
|
MARC
| LEADER | 00000nam a2200000 i 4500 | ||
|---|---|---|---|
| 001 | 1/85100 | ||
| 008 | 980317s1974 ger d | ||
| 020 | |a 3-12-559230-5 | ||
| 035 | |a 1997 |b 3 |c Μπερζαμάνη |l 10034612 | ||
| 040 | |a GR-MY-UA |b gre |e aacr | ||
| 041 | 0 | |a ger | |
| 082 | 0 | |a 833 | |
| 100 | 1 | |a Durian, Wolf. | |
| 245 | 1 | 0 | |a Kai aus der Kiste : |b eine ganz unglaubliche Geschichte / |c Wolf Durian |
| 260 | |a Muenhen : |b Klett, |c 1974 | ||
| 300 | |a 64 p. | ||
| 490 | 1 | |a Lesen leicht gemacht |v ; 55923 | |
| 650 | 0 | 0 | |a Short stories, German. |
| 650 | 0 | 0 | |a German fiction. |
| 650 | 0 | 0 | |a German language |x Readers. |
| 830 | 0 | |a Lesen leicht gemacht | |
| 852 | |a INST |b RHODES |e 19980317 |h 833 DUR |p 005400010967 |q 005400010967 |t BK |y 0 | ||
| 901 | |a BIBL-1998-1 | ||
| 909 | |a Ρ |b 052332 |c 1997 | ||